|
|
|
|
| LEADER |
00000nam0a2200000 4500 |
| 001 |
82134 |
| 005 |
20231101213219.0 |
| 010 |
|
|
|a 5769512199
|
| 035 |
|
|
|a (RuTPU)RU\TPU\book\88280
|
| 035 |
|
|
|a RU\TPU\book\27283
|
| 090 |
|
|
|a 82134
|
| 100 |
|
|
|a 20050928d2003 m y0rusy50 ca
|
| 101 |
0 |
|
|a rus
|
| 102 |
|
|
|a RU
|
| 105 |
|
|
|a a j 000zy
|
| 200 |
1 |
|
|a Детали машин
|e учебник для среднего специального образования
|f А. А. Эрдеди, Н. А. Эрдеди
|
| 205 |
|
|
|a 3-е изд., испр. и доп.
|
| 210 |
|
|
|a Москва
|c Academia
|d 2003
|
| 215 |
|
|
|a 285 с.
|c ил.
|
| 225 |
1 |
|
|a Среднее профессиональное образование
|
| 451 |
|
1 |
|0 (RuTPU)RU\TPU\book\27283
|y 5-06-003706-1
|t Детали машин
|o учебник
|f А. А. Эрдеди, Н. А. Эрдеди
|e 2-е изд., испр. и доп.
|c М.
|n Высшая школа
|n Academia
|d 2001
|p 285 с.
|a Эрдеди, Алексей Алексеевич
|
| 451 |
|
|
|y 5-7695-0624-5
|
| 606 |
1 |
|
|a Детали машин
|2 stltpush
|3 (RuTPU)RU\TPU\subj\9144
|9 36422
|
| 610 |
1 |
|
|a проектирование
|
| 610 |
1 |
|
|a неразъемные соединения
|
| 610 |
1 |
|
|a механические передачи
|
| 610 |
1 |
|
|a фрикционные передачи
|
| 610 |
1 |
|
|a ременные передачи
|
| 610 |
1 |
|
|a зубчатые передачи
|
| 610 |
1 |
|
|a червячные передачи
|
| 610 |
1 |
|
|a цепные передачи
|
| 610 |
1 |
|
|a планетарные передачи
|
| 610 |
1 |
|
|a волновые передачи
|
| 610 |
1 |
|
|a валы
|
| 610 |
1 |
|
|a оси
|
| 610 |
1 |
|
|a механические муфты
|
| 610 |
1 |
|
|a учебники
|
| 610 |
1 |
|
|a разъемные соединения
|
| 675 |
|
|
|a 621.81(075.32)
|v 3
|
| 700 |
|
1 |
|a Эрдеди
|b А. А.
|g Алексей Алексеевич
|
| 701 |
|
1 |
|a Эрдеди
|b Н. А.
|g Наталия Алексеевна
|
| 801 |
|
0 |
|a RU
|b 63413507
|c 20011209
|g PSBO
|
| 801 |
|
2 |
|a RU
|b 63413507
|c 20131220
|g PSBO
|
| 900 |
|
|
|a Детали машин
|
| 900 |
|
|
|a Детали машин и основы конструирования
|
| 900 |
|
|
|a Техническая механика
|
| 942 |
|
|
|c BK
|
| 952 |
|
|
|a 550000
|b 120000
|